| 000 | 00368nam a2200157Ia 4500 | ||
|---|---|---|---|
| 003 | SISC | ||
| 005 | 20190128095217.0 | ||
| 008 | 190115s9999 xx 000 0 und d | ||
| 245 | 4 | _aThe Count of monte cristo/ | |
| 260 |
_bTouchstone Home Entertainment _c2002 |
||
| 300 | _a1 CD | ||
| 500 | _aCD-ROM | ||
| 650 | _aLanguage | ||
| 942 |
_2lcc _cAVM |
||
| 999 |
_c360349 _d360349 |
||